Properties of blends of waste nitrile rubber and plasticized PVC (Record no. 65976)
[ view plain ]
| 000 -LEADER | |
|---|---|
| fixed length control field | 01077nam a2200229Ia 4500 |
| 100 ## - MAIN ENTRY--AUTHOR NAME | |
| Personal name | Ghaisas S S |
| 245 #0 - TITLE STATEMENT | |
| Title | Properties of blends of waste nitrile rubber and plasticized PVC |
| 260 ## - PUBLICATION, DISTRIBUTION, ETC. (IMPRINT) | |
| Name of publisher | Journal of Polymer Materials |
| Year of publication | 2003 |
| 300 ## - PHYSICAL DESCRIPTION | |
| Number of Pages | 23-29 |
| 520 ## - SUMMARY, ETC. | |
| Summary, etc | Waste nitrile rubber was blended with plasticized PVC. The dynamic viscous characterization of the blend was studied. In general, the modulus of elasticity, G, and complex viscosity, n*, increased as amount of rubber content increased while these parameters decreased as amount of plasticizer, dioctyl phthalate (DOP), increased. The composition containing 35;waste rubber showed the highest value of G. Viscous behaviour of blends containing waste or virgin nitrile rubber was similar. |
| 650 ## - SUBJECT ADDED ENTRY--TOPICAL TERM | |
| Topical Term | Complex viscosity(n*) |
| 650 ## - SUBJECT ADDED ENTRY--TOPICAL TERM | |
| Topical Term | Dioctyl phthalate(DOP) |
| 650 ## - SUBJECT ADDED ENTRY--TOPICAL TERM | |
| Topical Term | Elastic modulus(G) |
| 650 ## - SUBJECT ADDED ENTRY--TOPICAL TERM | |
| Topical Term | Polymer blend |
| 650 ## - SUBJECT ADDED ENTRY--TOPICAL TERM | |
| Topical Term | PVC |
| 650 ## - SUBJECT ADDED ENTRY--TOPICAL TERM | |
| Topical Term | Waste rubber |
| 700 ## - ADDED ENTRY--PERSONAL NAME | |
| Personal name | Hong W H |
| 700 ## - ADDED ENTRY--PERSONAL NAME | |
| Personal name | Kale D D |
| 700 ## - ADDED ENTRY--PERSONAL NAME | |
| Personal name | Kim J G |
| 942 ## - ADDED ENTRY ELEMENTS (KOHA) | |
| Koha item type | Journals |
| Withdrawn status | Lost status | Damaged status | Not for loan | Home library | Current library | Shelving location | Date acquired | Serial Enumeration / chronology | Koha item type |
|---|---|---|---|---|---|---|---|---|---|
| Journals | RRII Library | RRII Library | Rubber chemistry | 17/12/2021 | Volume 20, Issue 1 | Journals |